000
00293nam a2200109Ia 4500
001
1272311
005
20260417151426.0
008
260417s9999 xx 000 0 und d
020
_a
9786255998040
245
0
_a
Küçük Tavşan’ın Büyük Sürprizi
_c
Swapna Haddow
260
_b
Ketebe Çocuk
999
_c
1272311
_d
1272311